000
00304nam a22001337a 4500
008
170522b xxu||||| |||| 00| 0 eng d
020
_a
096702679
041
_a
eng
080
_a
94(100)
100
_a
16
101
_a
SHH
245
_a
THE LONGEST RAID OF THE CIVIL WAR
_c
HORWITZ,L.V
942
_2
udc
_c
BK
999
_c
13697
_d
13697